MARC details
| 000 -LEADER |
| campo de control de longitud fija |
01955nam a2200397 i 4500 |
| 001 - NÚMERO DE CONTROL |
| campo de control |
192057 |
| 003 - IDENTIFICADOR DE NÚMERO DE CONTROL |
| campo de control |
SpMaBN |
| 005 - FECHA Y HORA DE LA ÚLTIMA TRANSACCIÓN |
| campo de control |
20260311133726.0 |
| 008 - DATOS DE LONGITUD FIJA--INFORMACIÓN GENERAL |
| campo de control de longitud fija |
221102s2016 sp o000 0 spa |
| 017 ## - NÚMERO DE COPYRIGHT O DE DEPÓSITO LEGAL |
| Número de copyright o de depósito legal |
AB 118-2017 |
| Agencia que asigna |
Oficina Depósito Legal Albacete |
| 020 ## - NÚMERO INTERNACIONAL ESTÁNDAR DEL LIBRO |
| Número Internacional Estándar del Libro |
978849448901 |
| 035 ## - NÚMERO DE CONTROL DEL SISTEMA |
| Número de control de sistema |
(OCoLC)1050736580 |
| 040 ## - FUENTE DE CATALOGACIÓN |
| Centro catalogador/agencia de origen |
SpMaBN |
| Lengua de catalogación |
spa |
| Centro/agencia transcriptor |
SpMaBN |
| Normas de descripción |
rdc |
| 080 ## - NÚMERO DE LA CLASIFICACIÓN DECIMAL UNIVERSAL |
| Número de la Clasificación Decimal Universal |
929-054.7(=1.460:44)"19" |
| 100 1# - ENTRADA PRINCIPAL--NOMBRE DE PERSONA |
| Nombre de persona |
Precioso, Artemio, |
| Fechas asociadas al nombre |
1891-1945 |
| 9 (RLIN) |
93735 |
| Término indicativo de función/relación |
Autor |
| 245 10 - MENCIÓN DEL TÍTULO |
| Título |
Españoles en el destierro : |
| Resto del título |
la vida en Francia de Santiago Alba, Blasco Ibáñez, Sánchez Guerra, Unamuno, E. Ortega y Gasset, Carlos Esplá, López Ochoa y Manteca, con diálogos, anécdotas, cartas y semblanzas de estos ilustres perseguidos / |
| Mención de responsabilidad, etc. |
Artemio Precioso ; [edición y estudio preliminar de Francisco Linares Valcárcel] |
| 250 ## - MENCION DE EDICION |
| Mención de edición |
[Edición facsímil] |
| 260 ## - PUBLICACIÓN, DISTRIBUCIÓN, ETC. |
| Lugar de publicación, distribución, etc. |
Albacete : |
| Nombre del editor, distribuidor, etc. |
Instituto de Estudios Albacetenses "Don Juan Manuel", Excma. Diputación de Albacete, |
| Fecha de publicación, distribución, etc. |
2016 |
| 300 ## - DESCRIPCIÓN FÍSICA |
| Extensión |
LXXI, 310 páginas ; |
| Dimensiones |
18 cm. |
| 490 1# - MENCIÓN DE SERIE |
| Mención de serie |
Serie II, Clásicos albacetenses |
| 500 ## - NOTA GENERAL |
| Nota general |
Índice |
| 504 ## - NOTA DE BIBLIOGRAFÍA, ETC. |
| Nota de bibliografía, etc. |
Bibliografía: página LXX. |
| 505 ## - NOTA DE CONTENIDO CON FORMATO |
| Nota de contenido con formato |
Contiene: Artemio Precioso y la dictadura de primo de Rivera / Francisco Linares Valcárcel |
| 530 ## - NOTA DISPONIBLE DE FORMULARIO FÍSICO ADICIONAL |
| Materiales especificados |
Disponible en formato digital |
| 534 ## - NOTA SOBRE LA VERSIÓN ORIGINAL |
| Frase introductoria |
Reproducción facsímil de la edición de: |
| Publicación, distribución, etc. del original |
Madrid : Vulcano, 1930 |
| 600 14 - PUNTO DE ACCESO ADICIONAL DE MATERIA--NOMBRE DE PERSONA |
| 9 (RLIN) |
93735 |
| Nombre de persona |
Precioso, Artemio, |
| Fechas asociadas al nombre |
1891-1945 |
| 650 07 - PUNTO DE ACCESO ADICIONAL DE MATERIA--TÉRMINO DE MATERIA |
| Término de materia o nombre geográfico como elemento de entrada |
Exiliados españoles. |
| 9 (RLIN) |
12656 |
| 700 0# - ENTRADA AGREGADA--NOMBRE PERSONAL |
| 9 (RLIN) |
72359 |
| Nombre de persona |
Linares Valcárcel, Francisco |
| Término indicativo de función/relación |
Editor literario |
| 710 2# - ENTRADA AGREGADA--NOMBRE DE ENTIDAD CORPORATIVA |
| 9 (RLIN) |
4884 |
| Nombre de entidad corporativa o nombre de jurisdicción como elemento de entrada |
Instituto de Estudios Albacetenses |
| 830 0# - PUNTO DE ACCESO ADICIONAL DE SERIE-TÍTULO UNIFORME |
| Título uniforme |
Serie II, Clásicos albacetenses |
| 9 (RLIN) |
224480 |
| 852 4# - LOCALIZACIÓN |
| Ubicación |
ES-MaACL |
| Número de control de estantería |
N-8100 |
| Sublocalización o colección |
R. 153357 |
| Ubicación en estantería |
Depósito J |
| Donativo/Legado |
Donación: Editorial |
| itemnumber |
199339 |
| 856 4# - LOCALIZACIÓN Y ACCESO ELECTRÓNICOS |
| Identificador Uniforme de Recursos |
<a href="http://iealbacetenses.dipualba.es/viewer.vm?id=0000060350">http://iealbacetenses.dipualba.es/viewer.vm?id=0000060350</a> |
| Texto de enlace |
Biblioteca Digital de Albacete "Tomás Navarro Tomás" |
| 942 ## - ELEMENTOS DE ENTRADA SECUNDARIOS (KOHA) |
| Tipo de ítem Koha |
Libro impreso |
| Suprimir en OPAC |
No |